The practice of leadership : developing the next generation of leaders

Bibliographic Details
Main Author: Conger, Jay A.
Other Authors: Riggio, Ronald E.
Format: Book
Published: San Francisco : Jossey - Bass , 2007
Subjects:

MARC

LEADER 00000cam a2200000 7i4500
001 0000019806
005 20070731.0
020 |a 0787983055 
040 |a INS 
090 0 0 |a HD57.7   |b C66 2007 
100 1 |a Conger, Jay A. 
245 1 4 |a The practice of leadership :   |b developing the next generation of leaders   |c Jay A. Conger, Ronald E. Riggio 
260 |a San Francisco :   |b Jossey - Bass ,   |c 2007 
300 |a xvii, 402 p. ;   |c 24 cm. 
500 |a Includes index 
650 0 0 |a Leadership 
700 1 |a Riggio, Ronald E. 
999 |a 0000018952   |b BOOK   |c Open Shelf   |e Default branch